| 000 | 00537nam a22002057a 4500 | ||
|---|---|---|---|
| 999 |
_c7858 _d7858 |
||
| 003 | OSt | ||
| 005 | 20220328132706.0 | ||
| 008 | 220328b ||||| |||| 00| 0 eng d | ||
| 020 | _a8120330463 | ||
| 040 | _cDDC | ||
| 082 | _a338.544 HAN 2005 | ||
| 100 |
_aHanke, John E, Wichern, Dean W _915451 |
||
| 245 | _aBusiness forecasting | ||
| 250 | _a8th ed. | ||
| 260 |
_aNew Delhi _b: Prentice -Hall _c, C 2005 |
||
| 300 |
_axv,535p. _c; 24 cm |
||
| 504 | _aAppendix Index | ||
| 650 |
_aBusiness forecasting _915452 |
||
| 942 |
_2ddc _cBOOK |
||